[Event "Kragero op"]
[Site "Kragero"]
[Date "2005.11.20"]
[Round "4"]
[White "Antonsen, Helge"]
[Black "Wasenius, Thomas"]
[Result "1/2-1/2"]
[WhiteElo "1269"]
[BlackElo "1126"]
[PlyCount "71"]
[EventDate "2005.11.18"]
[EventType "swiss"]
[EventRounds "5"]
[EventCountry "NOR"]
[SourceTitle "CBM 109 Extra"]
[Source "ChessBase"]
[SourceDate "2006.01.03"]
[SourceVersion "2"]
[SourceVersionDate "2006.01.03"]
[SourceQuality "1"]

1. d4 d5 2. Nf3 Nf6 3. c4 e6 4. e3 Be7 5. Bd3 0-0 6. 0-0 c5 7. cxd5 cxd4 8. Nxd4 exd5 9. Nc3 Bc5 10. Nde2 Nc6 11. a3 a5 12. Nb5 Bg4 13. Qc2 Bxe2 14. Bxe2 Qe7 15. b3 Rac8 16. Qd1 Rfd8 17. Bd3 Ne4 18. Qg4 Ne5 19. Qe2 Nxd3 20. Qxd3 f5 21. Bb2 Nxf2 22. Rxf2 Qxe3 23. Qxe3 Bxe3 24. Bd4 Bxf2+ 25. Kxf2 Rc2+ 26. Kf3 Rd2 27. Rc1 Rd3+ 28. Kf4 Rxb3 29. a4 Rb4 30. Rc7 Rxa4 31. Rxg7+ Kf8 32. Kxf5 Rxd4 33. Nxd4 Kxg7 34. Ne6+ Kh6 35. Nxd8 b5 36. Nc6 1/2-1/2